Năng lượng gió
Năng lượng gió là một quyển sách khoa học phổ cập về năng lượng gió, chủ yếu giới thiệu về nhận thức của con người đối với năng lượng gió và quá trình sử dụng nó, sách có nhiều ví dụ rõ ràng và triển vọng của năng lượng gió tr...
Bewaard in:
| Andere auteurs: | , , , |
|---|---|
| Formaat: | Boek |
| Taal: | Vietnamese |
| Gepubliceerd in: |
H.
Bách khoa Hà Nội
2017
|
| Reeks: | Tủ sách : Nguồn năng lượng mới đang vẫy gọi
|
| Onderwerpen: | |
| Tags: |
Voeg label toe
Geen labels, Wees de eerste die dit record labelt!
|
| Thư viện lưu trữ: | Thư viện Trường Đại học Nam Cần Thơ |
|---|
| LEADER | 02028nam a22002897a 4500 | ||
|---|---|---|---|
| 001 | NCT_48724 | ||
| 008 | 180908b xxu||||| |||| 00| 0 vie d | ||
| 999 | |c 2332 |d 2332 | ||
| 020 | |a 9786049501814 |c 60000 | ||
| 082 | 0 | 4 | |2 23rd ed. |a 333.92 |b L308 |
| 245 | 0 | 0 | |a Năng lượng gió |c Ông Sử Liệt (chủ biên) ...[et al.] |
| 260 | |a H. |b Bách khoa Hà Nội |c 2017 | ||
| 300 | |a 148 tr. |b Hình vẽ, bảng |c 24cm | ||
| 490 | |a Tủ sách : Nguồn năng lượng mới đang vẫy gọi | ||
| 520 | 3 | |a Năng lượng gió là một quyển sách khoa học phổ cập về năng lượng gió, chủ yếu giới thiệu về nhận thức của con người đối với năng lượng gió và quá trình sử dụng nó, sách có nhiều ví dụ rõ ràng và triển vọng của năng lượng gió trên thế giới. | |
| 653 | |a Công nghệ kỹ thuật ô tô | ||
| 700 | 1 | |a Ông Sử Liệt |e chủ biên | |
| 700 | 1 | |a Chúc Bỉnh Hòa |e Biên soạn | |
| 700 | 1 | |a Hạ Kỳ Minh |e Biên soạn | |
| 700 | 1 | |a Trương Đạo Tiêu |e Biên soạn | |
| 942 | |2 ddc |c BK | ||
| 952 | |0 0 |1 0 |2 ddc |4 0 |6 333_920000000000000_L308 |7 0 |9 13489 |a 000001 |b 000001 |d 2018-09-08 |o 333.92 L308 |p MD.13260 |r 2018-09-08 |v 60000.00 |w 2018-09-08 |y BK | ||
| 952 | |0 0 |1 0 |2 ddc |4 0 |6 333_920000000000000_L308 |7 0 |9 13490 |a 000001 |b 000001 |d 2018-09-08 |o 333.92 L308 |p MD.13261 |r 2018-09-08 |v 60000.00 |w 2018-09-08 |y BK | ||
| 952 | |0 0 |1 0 |2 ddc |4 0 |6 333_920000000000000_L308 |7 0 |9 13491 |a 000001 |b 000001 |d 2018-09-08 |o 333.92 L308 |p MD.13262 |r 2018-09-08 |v 60000.00 |w 2018-09-08 |y BK | ||
| 952 | |0 0 |1 0 |2 ddc |4 0 |6 333_920000000000000_L308 |7 0 |9 13492 |a 000001 |b 000001 |d 2018-09-08 |o 333.92 L308 |p MD.13263 |r 2018-09-08 |v 60000.00 |w 2018-09-08 |y BK | ||
| 952 | |0 0 |1 0 |2 ddc |4 0 |6 333_920000000000000_L308 |7 0 |9 13493 |a 000001 |b 000001 |d 2018-09-08 |o 333.92 L308 |p MD.13264 |r 2018-09-08 |v 60000.00 |w 2018-09-08 |y BK | ||
| 980 | |a Thư viện Trường Đại học Nam Cần Thơ | ||


